000 00329nam a2200121Ia 4500
008 220901s9999||||xx |||||||||||||| ||und||
082 _a004 QAD
100 _aQadir, Misbah
245 0 _aJournal of computer and mathematical science
250 _aVol. 3 Issue No. 3 & 4
260 _bHira Graphics
_c2012
650 _aGraph theory
999 _c194051
_d194051